Philippine Literature/ past and present (Record no. 11923)
[ view plain ]
| 000 -LEADER | |
|---|---|
| fixed length control field | 00850nam a22002657i 4500 |
| 003 - CONTROL NUMBER IDENTIFIER | |
| control field | URS |
| 005 - DATE AND TIME OF LATEST TRANSACTION | |
| control field | 20220117094932.0 |
| 008 - FIXED-LENGTH DATA ELEMENTS--GENERAL INFORMATION | |
| fixed length control field | 170718b xxu||||| |||| 00| 0 eng d |
| 020 ## - INTERNATIONAL STANDARD BOOK NUMBER | |
| International Standard Book Number | 971150052 |
| 040 ## - CATALOGING SOURCE | |
| Description conventions | rda |
| Transcribing agency | URSR |
| Language of cataloging | eng |
| 050 00 - LIBRARY OF CONGRESS CALL NUMBER | |
| Classification number | PL 6141 |
| Item number | B216 1981 |
| 100 1# - MAIN ENTRY--PERSONAL NAME | |
| Relator code | Baltasar, Silverio, |
| Relator term | author |
| 245 10 - TITLE STATEMENT | |
| Title | Philippine Literature/ past and present |
| Statement of responsibility, etc. | Baltasar, Silverio, Erestain,Teresita S.[and] Estanislao Ma. Fe S. |
| 250 ## - EDITION STATEMENT | |
| Edition statement | Revised Edition. |
| 264 #1 - PRODUCTION, PUBLICATION, DISTRIBUTION, MANUFACTURE, AND COPYRIGHT NOTICE | |
| Place of production, publication, distribution, manufacture | Manila |
| Name of producer, publisher, distributor, manufacturer | Katha Publishung Company, Incorporated, |
| Date of production, publication, distribution, manufacture, or copyright notice | [1981] |
| 264 #4 - PRODUCTION, PUBLICATION, DISTRIBUTION, MANUFACTURE, AND COPYRIGHT NOTICE | |
| Date of production, publication, distribution, manufacture, or copyright notice | ©1981 |
| 300 ## - PHYSICAL DESCRIPTION | |
| Extent | x, 362 pages: |
| Dimensions | 25.2 cm. |
| 336 ## - CONTENT TYPE | |
| Source | rdacontent |
| Content type term | text |
| 338 ## - CARRIER TYPE | |
| Source | rdacarrier |
| Carrier type term | volume |
| 500 ## - GENERAL NOTE | |
| General note | Incliudes bibliography. |
| 650 ## - SUBJECT ADDED ENTRY--TOPICAL TERM | |
| Source of heading or term | Philippinr Literature-- history and criticism. |
| 700 ## - ADDED ENTRY--PERSONAL NAME | |
| Personal name | Erestain,Teresita S. |
| 700 ## - ADDED ENTRY--PERSONAL NAME | |
| Personal name | Estanislao Ma. Fe S. |
| 942 ## - ADDED ENTRY ELEMENTS (KOHA) | |
| Source of classification or shelving scheme | Library of Congress Classification |
| Koha item type | Filipiniana |
| Withdrawn status | Source of classification or shelving scheme | Damaged status | Not for loan | Home library | Current library | Shelving location | Date acquired | Total Checkouts | Full call number | Barcode | Date last seen | Price effective from | Koha item type |
|---|---|---|---|---|---|---|---|---|---|---|---|---|---|
| Library of Congress Classification | Binangonan College Library | Binangonan College Library | Filipiniana Section | 07/25/2023 | PL 6141 B35 1981 | URSBIN-304 | 07/25/2023 | 07/25/2023 | Filipiniana | ||||
| Library of Congress Classification | Rodriguez College Library | Rodriguez College Library | Reference | 07/18/2017 | PL 6141 B216 1981 | URSROD-2797 | 07/18/2017 | 07/18/2017 | Filipiniana |